Geschichte nach Buchstabe - S - Statistiken

Allgemein
  • Dieses Quiz wurde 10.150 mal gespielt
  • Das Durchschnittsergebnis liegt bei 12 aus 20
Antwortstatistiken
Hinweis Antwort % Korrekt
Stadt, in der Mozart geboren wurde Salzburg
87%
Dramatiker des elisabethanischen Englands William Shakespeare
85%
Allwissende Geheimpolizei der DDR Stasi
83%
1869 fertiggestellter Kanal Sues
81%
Supermacht des Kalten Krieges Sowjetunion
80%
Land, das die Apartheid 1994 beendete Südafrika
79%
Wichtigstes politisches Organ der Römischen Republik Senat
75%
Militärischer Adel des mittelalterlichen Japans Samurai
71%
Militärischer Rivale des antiken Athens Sparta
65%
Plato's Lehrer Sokrates
64%
Titel für einen osmanischen Herrscher Sultan
64%
Berühmtester Geigenbauer der Geschichte Antonio Stradivari
59%
Ort eines Bürgerkriegs, 1936-1939 Spanien
55%
Erster künstlicher Erdsatellit Sputnik 1
49%
Salvador Dalí's Kunstbewegung Surrealismus
48%
Diese Stadt wurde 1847 von Mormonen gegründet Salt Lake City
38%
Indische Sprache, in welcher die Hinduschriften geschrieben wurden Sanskrit
33%
Zunft der Kathedralenbauer Steinmetz
19%
Dynastie Chinas von 960-1279 Song
17%
König Edward VIII. dankte ab, um sie zu heiraten Wallis Simpson
14%
Keine übereinstimmenden Quizze gefunden
Verteilung der Resultate
Anzahl Personen mit jedem Resultat
Perzentil nach korrekt beantworteten Fragen
Ihre Resultats-Entwicklung
Sie haben dieses Quiz noch nicht gespielt